| 000 | 00660aam a2200253 4500 | ||
|---|---|---|---|
| 005 | 20260309165755.0 | ||
| 008 | 150317b1997 xxu||||| |||| 00| 0 spa d | ||
| 041 | _aESP | ||
| 082 | _a001.42 F634i | ||
| 100 | _aFlores Davis, Luz Emilia | ||
| 100 | _aPacheco Gamboa, Ana Teresa | ||
| 245 | _aLa investigación: una forma de aprender | ||
| 260 | _aCosta Rica | ||
| 260 | _bEUNA | ||
| 260 | _c1997 | ||
| 300 | _a84 páginas | ||
| 490 | _aTemática General | ||
| 650 | _aMÉTODOS DE INVESTIGACIÓN | ||
| 650 | _aINVESTIGACIONES | ||
| 650 | _aMETODOLOGÍA | ||
| 650 | _aCIENCIAS SOCIALES | ||
| 650 | _aPROCESO DE INVESTIGACIÓN | ||
| 942 |
_cBK _2ddc |
||
| 999 |
_c4013 _d4013 |
||